000 00443nam a2200181Ia 4500
008 131103s9999 xx 000 0 und d
020 _a0 237 29324 2
040 _aLoreto College
041 _aEnglish
082 _aREF
_bLCBED/10337
100 _aHutchinson, Ken
245 _aLight & colour
_cKen Hutchinson
260 _aLondon
_bEvans
_c[19?]
300 _a48p.
_b ill.
_c 21cm.
650 _aREF
850 _aLCBED/REF
942 _cBK
999 _c33900
_d84379